000 00263nam a22001097a 4500
082 _a808 WAT'N
100 _aWATT, HONMER ANDREW
_957919
245 _aNEW HIGHWAYS IN COLLEGE COMPOSITION
260 _aNEWYORK
_bPRENTICE HALL
_c1946
300 _a926P
942 _cBK
999 _c568159
_d568159